Регионална библиотека "Любен Каравелов" - Русе

[Хиляда и едно] 1001 исторически места, които непременно трябва да посетите (Запис номер 91454)

MARC детайли
000 -Лидер
Контролно поле с фиксирана дължина 02547nam a2200421 c 4500
003 - Код на организацията, давaща контролен номер
Контролно поле BLK
005 - Дата и час на последна редакция
Контролно поле 20191105121603.0
008 - Елементи от данни с фиксирана дължина
fixed length control field 180408b bul|||||r ||||||| ||bul||
010 ## - Наследен системен номер
LC control number KNG00096211000
020 ## - Международен стандартен номер на книга ISBN
Международен стандартен номер на книга ISBN 978-954-9817-62-1
-- издат.: Книгомания
040 ## - Източник на каталожния запис
Идентификатор на билиотеката - собственик на записа BLK
041 ## - Код за език
Код за езика на текст/звукозапис или на отделно заглавие Български
Код за езика КДБФ Български
080 ## - УДК
Текстов определител УДК Паметници на културата на историческите периоди. Археологическите паметници. Старини
УДК код - определител по УДК 904
УДК определител (100)(036)
УДК - код + определител 904(100)(036)
080 ## - УДК
Текстов определител УДК Регионална география
УДК код - определител по УДК 913
УДК определител (100)(036)
УДК - код + определител 913(100)(036)
080 ## - УДК
Текстов определител УДК Забавно пътуване. Туризъм - пътуване пеша, с кола, колело, автобус, влак, параход, самолет, изкачване на планина, ездене и др. п.
УДК код - определител по УДК 379.85
УДК определител (100)(036)
УДК - код + определител 379.85(100)(036)
139 ## - Редно поле
Редна дума [Хиляда и едно] 1001 исторически места, които непременно трябва да посетите
Авторски знак Хил - Х 49
245 10 - Сведения за заглавието
Заглавие [Хиляда и едно] 1001 исторически места, които непременно трябва да посетите
Редно поле (дума) ред. Ричард Кавендиш; прев. Румен Димитров Кулев.
257 ## - Страна на издаване
Страна на създаване/издаване Великобритания
260 ## - Област на издателските данни
-- София
Име на издателя, разпространителя и проч. Книгомания
Година на издаване 2009
Печатница Отпеч. в Китай
300 ## - Физическа характеристика
Страници 960 с.
Размери/Мащаб 22 см
380 ## - Жанр
Жанр История
500 ## - Общи забележки
Забележка Без сведение за ориг. загл. - Други прев. : Димо Пешев, Мария Йоцова, Мария Цочева. - Съдържа и Показалец на историческите места ; Показалец на Световното наследство на ЮНЕСКО ; Показалец на хора и събития.
650 #4 - Допълнително описание по предмет – тема
Основно описание – тема или топоним Паметници на културата
9 (RLIN) 263565
650 #4 - Допълнително описание по предмет – тема
Основно описание – тема или топоним Природни забележителности
9 (RLIN) 255499
650 #4 - Допълнително описание по предмет – тема
Основно описание – тема или топоним Туристически обекти
9 (RLIN) 304422
650 #4 - Допълнително описание по предмет – тема
Основно описание – тема или топоним Свободно време
9 (RLIN) 245183
653 ## - Ключова дума – ненормативна
Ключова дума паметници на културата
653 ## - Ключова дума – ненормативна
Ключова дума природни забележителности
653 ## - Ключова дума – ненормативна
Ключова дума туристически обекти
653 ## - Ключова дума – ненормативна
Ключова дума пътеводители
700 1# - Други автори (авторска отговорност)
Лично име Кавендиш, Ричард
Автороска отговорност (Описва отношението между автора и произведението) ред.
9 (RLIN) 74679
700 1# - Други автори (авторска отговорност)
Лично име Кулев, Румен Димитров
Автороска отговорност (Описва отношението между автора и произведението) прев.
9 (RLIN) 372026
852 ## - Местоположение
Форматна сигнатура Цб 248157
856 4# - Електронен адрес и достъп
Електронен формат pdf - файл
Път до файла /url/
856 4# - Електронен адрес и достъп
Електронен формат pdf - файл
Път до файла /url/
942 ## - АРТИКУЛИ
Вид на библиотечния материал Книги
Скрит в OPAC Не
Koha issues (borrowed), all copies 1
944 ## - СЪЗДАВАНЕ И РЕДАКЦИЯ на ЗАПИСА
Създаване/Редакция Създаване
Дата на регистрацията/редакция 20.05.2010
Статус, дата на статуса ф /
Служител, извършил регистрацията/редакцията Кети_Илиева
944 ## - СЪЗДАВАНЕ И РЕДАКЦИЯ на ЗАПИСА
Създаване/Редакция Редакция
Дата на регистрацията/редакция 29.01.2013
Статус, дата на статуса ф /
Служител, извършил регистрацията/редакцията
999 ## - СИСТЕМНИ КОНТРОЛНИ НОМЕРА
Koha biblionumber 91454
Koha biblioitemnumber 91454
Наличности
Код за отписване Код за изгубен артикул Код за повреда Коз за рестрикции Код за отдаване Артикулен № Име на библиотеката - собственик Име на библиотеката, в която се намира в момента Статус (Текущо местоположение) Дата на вписване в системата Местоположение - отдел Цена в лева Инвентарен номер Систематично азбучна сигнатура Баркод Номер на екземпляра Цена в евро Служебна бележка Служебен тип на артикула
  Не е изгубен Не е повреден без рестрикции ползва се в читалня 147539 Регионална библиотека "Любен Каравелов" Русе Регионална библиотека "Любен Каравелов" Русе Читалня 2010-05-18 Читалня 48.00 120000744462 Ч 9/Х 49 120000744462 1 24.54 Дост: Pk Вид: Ф N: 27777 Дата: 18.05.2010 Дата инв: 06.04.2017 Бележки инв: Ч2017 Книги
  Не е изгубен Не е повреден без рестрикции ползва се в читалня 147540 Регионална библиотека "Любен Каравелов" Русе Регионална библиотека "Любен Каравелов" Русе Хранилище 2010-12-14 Хранилище 48.00 120000748210 Цб 248157 120000748210 2 24.54 Дост: Dp Вид: Д N: 16 Дата: 14.04.2010 Книги
Vip Innovations Ltd, Rousse, Bulgaria 2025